01487nam a2200361Ia 4500001001200000003000800012006001900020007001500039008004100054010001700095020003600112020001500148020001800163040002100181035002100202050002600223082001900249245009500268260004900363300002900412490006700441504005100508533015200559650005700711651004000768651004000808651001400848655002900862700002300891710001700914830006800931856012600999ebr10659182CaPaEBRm u cr cn|||||||||090811s2010 nyuab sb 001 0 eng d z 2009032920 z9781607417408 (hc : alk. paper) z1607417405 z9781613242537 aCaPaEBRcCaPaEBR a(OCoLC)73051503314aJZ1480.A57bC7 2010eb04a327.73086122200aColombiah[electronic resource] :bU.S. relations and issues /cLanden A. Sorrell, editor. aNew York :bNova Science Publishers,cc2010. ax, 379 p. :bill., maps.1 aLatin American political, economic, and security issues series aIncludes bibliographical references and index. aElectronic reproduction.bPalo Alto, Calif. :cebrary,d2013.nAvailable via World Wide Web.nAccess may be limited to ebrary affiliated libraries. 0aDiplomatic and consular service, AmericanzColombia. 0aUnited StatesxRelationszColombia. 0aColombiaxRelationszUnited States. 0aColombia. 7aElectronic books.2local1 aSorrell, Landen A.2 aebrary, Inc. 0aLatin American political, economic, and security issues series.40uhttp://site.ebrary.com/lib/rucke/Doc?id=10659182zAn electronic book accessible through the World Wide Web; click to view